| 000 | 00000nam##2200000za#4500 |
| 001 | 9.590767 |
| 003 | CaOODSP |
| 005 | 20250403104941 |
| 007 | cr ||||||||||| |
| 008 | 150406|2001||||xxc|||||o f|0| 0 fre|d |
| 020 | |a0-660-96435-X |
| 022 | |a1205-9161 |
| 040 | |aCaOODSP|bfre |
| 043 | |an-cn--- |
| 086 | 1 |aCS11-0019/158F-PDF |
| 245 | 00|aÀ la recherche des contraintes intergénérationnelles d'emprunt chez les hommes canadiens : |h[ressource électronique]|btests de régression par quantile et de régression des moindres carrés pour les contraintes impératives d'emprunt / |cpar Nathan D. Grawe. |
| 260 | |aOttawa - Ontario : |bStatistique Canada |cJanvier 2001. |
| 300 | |a28p.|bgraphiques, références, tableaux |
| 490 | 1 |aDocuments de recherche - Direction des études analytiques|x1205-9161|vN° 158 |
| 500 | |aLe n° de catalogue (11F0019MPF) et l'ISSN (1200-5231) de l'édition imprimée ont été incorrectement copiés dans l'édition électronique. |
| 590 | |a12-34-Supp|b2012-07-31 |
| 710 | 2 |aStatistique Canada. |
| 720 | 1 |aGrawe, Nathan D. |
| 775 | 08|tIn search of intergenerational credit constraints among Canadian men : |w(CaOODSP)9.557512 |
| 776 | 0#|tA la recherche des contraintes intergénérationnelles d'emprunt chez les hommes canadiens : |w(CaOODSP)9.625481 |
| 830 | #0|aDocuments de recherche (Statistique Canada. Direction des études analytiques)|x1205-9161|vN° 158|w(CaOODSP)9.500842 |
| 856 | 40|ahttp://publications.gc.ca|qPDF|s131 Ko|uhttps://publications.gc.ca/collections/collection_2012/statcan/11f0019m/11f0019m2001158-fra.pdf|yN° 158 |